| 000 | 00502nam a2200121Ia 4500 | ||
|---|---|---|---|
| 008 | 220615s9999||||xx |||||||||||||| ||und|| | ||
| 100 | _aGillian Gomez-Mediavilla||Fernando Allende Ãlvarez||Nieves López-Estébanez | ||
| 245 | 0 | _aSilvicultures - Management and Conservation | |
| 546 | _aEnglish[eng] | ||
| 650 | _aLife Sciences||Forestry Science||Agricultural and Biological Sciences||Ecology | ||
| 856 | _uhttps://www.intechopen.com/books/silvicultures-management-and-conservation | ||
| 942 | _cEB | ||
| 999 |
_c16100 _d16100 |
||